01316cam a2200277 a 450000100100000000500170001000800410002702000150006803500190008304000230010208200190012510000450014424501240018926000370031330000200035049000270037052003130039758600400071065000280075065000440077883000360082291000340085804900090089295201220090199900150102300000967120200929161650.0951204s1995 ck 000 0 spa  a9586122123 a(DLC) 95229875 aDO-SdBNPcDLCdDLC aC862.44bN318f1 aNavajas Cortés, Esteban.d1948-92456610aFantasmas de amor que rondaron el veintiocho :bobra dramática escrita en trece jornadas /cEsteban Navajas Cortés. aColombia :bTercer Mundo,c1995. a88 p. ;c21 cm.1 aColculturaaLiteratura a"Obra en torno al movimiento obrero ocurrido en las plantaciones bananeras colombianas en 1928. La acción obrera es seguida desde el recinto de una casa de baile. De especial interés es la caracterización interior de los personajes"--Handbook of Latin American Studies, v. 58.uhttp://www.loc.gov/hlas/ aPremios Nacionales de Cultura, 1994 4aTeatro colombiano99025 4aLiterastura colombianaySIGLO XX924567 0aColcultura ;pLiteratura924568 aCatalogación por copia / LC aBNGR 001052708MOaGRbGRcCTd2009-09-30iLF1l0oC862.44 N318fp9671-10r2020-06-25w2020-06-25y2ZPréstamo interno c9431d9431